Pilot cafe

Bibliographic Details
Main Author: Ahadiat Akashah
Other Authors: Zuraidah Othman
Format: Book
Published: Selangor : Ahadiat Akashah The Writer , 1999
Subjects:

MARC

LEADER 00000cam a2200000 7i4500
001 0000011491
005 20071113.0
008 071113
020 |a 983921649X 
090 0 0 |a AHA   |b MAL 
100 0 |a Ahadiat Akashah 
245 1 0 |a Pilot cafe   |c Ahadiat Akashah & Zuraidah Othman 
260 |a Selangor :   |b Ahadiat Akashah The Writer ,   |c 1999 
650 0 |a Malay fiction 
650 0 |a Novel 
650 0 |a Young adult fiction, Malay 
700 0 |a Zuraidah Othman 
999 |a 0001001088   |b Book   |c Adult Collection   |e Perbadanan Perpustakaan Awam Johor 
999 |a 0001001089   |b Book   |c Adult Collection   |e Cawangan Urban Transformation Centre 
999 |a 0001001090   |b Book   |c Adult Collection   |e Perbadanan Perpustakaan Awam Johor